[Event "Schneider mem"]
[Site "Budapest"]
[Date "1994.??.??"]
[Round "?"]
[White "Szuk, Balazs"]
[Black "Zila, Laszlo"]
[Result "1-0"]
[WhiteElo "2370"]
[BlackElo "2230"]

1.d4 d5 2.e3 Nf6 3.c4 e6 4.Nf3 c6 5.Nc3 Bd6 6.Bd3 O-O 7.e4 dxe4 8.Nxe4 Nxe4
9.Bxe4 Bb4+ 10.Kf1 Nd7 11.Bc2 Qa5 12.Qd3 Qh5 13.h3 f5 14.Bf4 b6 15.a3 Be7
16.Re1 Bf6 17.Ba4 Bb7 18.Rxe6 Qf7 19.Bxc6 Qxe6 20.Bxb7 Kh8 21.Bxa8 Rxa8 22.g3  1-0

[Event "Budapest FS11 IM-B"]
[Site "Budapest"]
[Date "1994.??.??"]
[Round "1"]
[White "Peredy, Ferenc"]
[Black "Wapner, Jonathan"]
[Result "0-1"]
[WhiteElo "2210"]
[BlackElo "2175"]

1.d4 d5 2.Nf3 Nf6 3.c4 c6 4.e3 e6 5.Nc3 Nbd7 6.Bd3 dxc4 7.Bxc4 b5 8.Bb3 b4
9.Ne2 Be7 10.O-O O-O 11.Nf4 Ba6 12.Re1 c5 13.d5 exd5 14.Nxd5 Nxd5 15.Bxd5 Rc8
16.Qa4 Bd3 17.e4 c4 18.Qxa7 Bc5 19.Qa6 Qc7 20.Be3 Nb6 21.b3 Bxe3 22.Rxe3 Nxd5
23.exd5 Rfd8 24.Qa4 Qc5 25.Rae1 h6 26.h3 Rxd5 27.bxc4 Bxc4 28.Re8+ Rxe8 29.Rxe8+ Kh7
30.Qc2+ Bd3 31.Qb2 Qc3 32.Qxc3 bxc3 33.Rc8 c2 34.a3 Bf5  0-1

[Event "Budapest Spring op"]
[Site "Budapest"]
[Date "1994.??.??"]
[Round "1"]
[White "Izsak, Gyula"]
[Black "Al Sulaiti, Ali"]
[Result "1-0"]
[WhiteElo "2365"]
[BlackElo "2275"]

1.c4 Nf6 2.Nf3 e6 3.d4 d5 4.Nc3 c6 5.e3 Nbd7 6.Bd3 dxc4 7.Bxc4 b5 8.Bd3 a6
9.e4 c5 10.d5 c4 11.Bb1 Qc7 12.dxe6 fxe6 13.O-O Bb7 14.Qe2 Bc5 15.e5 Ng4
16.Be4 Nxf2 17.Rxf2 Bxf2+ 18.Kxf2 Nc5 19.Bxb7 Qxb7 20.Be3 Nd3+ 21.Kg1 O-O
22.Ng5 Rf5 23.Nce4 Qd5 24.Qh5 h6 25.Nf6+ Rxf6 26.exf6 hxg5 27.f7+ Kf8 28.Rf1 Nf4
29.Rxf4 gxf4 30.Bc5+ Qxc5+ 31.Qxc5+ Kxf7 32.Qc7+  1-0

[Event "Budapest Spring op"]
[Site "Budapest"]
[Date "1994.??.??"]
[Round "1"]
[White "Soffer, Ram"]
[Black "Pikler, Tamas"]
[Result "1-0"]
[WhiteElo "2520"]
[BlackElo "2210"]

1.c4 c6 2.d4 d5 3.Nf3 Nf6 4.Nc3 e6 5.e3 Nbd7 6.Bd3 dxc4 7.Bxc4 b5 8.Be2 Bb7
9.O-O Be7 10.Qc2 b4 11.Na4 O-O 12.Bd2 a5 13.a3 bxa3 14.bxa3 c5 15.dxc5 Be4
16.Qc3 Qc7 17.Nd4 Nxc5 18.Rac1 Nd5 19.Qa1 Rfc8 20.Nxc5 Bxc5 21.Nb3 Qe7 22.Rxc5 Rxc5
23.Nxc5 Qxc5 24.Rc1 Qb6 25.Rc4 Bg6 26.Qc1 h6 27.e4 Nf6 28.Be3 Qb3 29.f3 Rb8
30.Kf2 Qa2 31.Rc2 Qb3 32.Bd4 Ne8 33.Qb2 Qxb2 34.Rxb2 Rxb2 35.Bxb2 Nd6 36.Bd4 f6
37.Bb6 a4 38.Bc7 Nb7 39.Bb5 Kf8 40.Bc6 Nc5 41.Bd6+  1-0

[Event "Budapest FS04 GM"]
[Site "Budapest"]
[Date "1994.??.??"]
[Round "2"]
[White "Horvath, Csaba"]
[Black "Lukacs, Peter"]
[Result "1-0"]
[WhiteElo "2535"]
[BlackElo "2485"]

1.d4 d5 2.c4 c6 3.Nf3 Nf6 4.Nc3 e6 5.e3 Nbd7 6.Bd3 dxc4 7.Bxc4 b5 8.Bd3 a6
9.e4 c5 10.d5 c4 11.dxe6 cxd3 12.exd7+ Qxd7 13.O-O Bb7 14.Re1 Be7 15.e5 Nd5
16.Ne4 O-O 17.Qxd3 Qg4 18.Ng3 Rac8 19.Bd2 Rfd8 20.Qf5 Qg6 21.Qxg6 hxg6 22.Ba5 Re8
23.Ne4 Bc6 24.Nd6 Bxd6 25.exd6 f6 26.Red1 Red8 27.Bxd8 Rxd8 28.Nd4 Bb7 29.Ne6 Rxd6
30.Nf4 Kf7 31.Rac1 g5 32.Nxd5  1-0

[Event "Budapest FS11 IM-A"]
[Site "Budapest"]
[Date "1994.??.??"]
[Round "2"]
[White "Lehmann, Heinz Dr"]
[Black "Mitbreit, Dmitry"]
[Result "1-0"]
[WhiteElo "2290"]
[BlackElo "2345"]

1.d4 d5 2.c4 c6 3.Nc3 Nf6 4.e3 e6 5.Nf3 Nbd7 6.Qc2 Bd6 7.Bd2 Qe7 8.h3 b6
9.e4 dxe4 10.Nxe4 Nxe4 11.Qxe4 Bb7 12.O-O-O O-O-O 13.Bd3 c5 14.Qe2 Kb8 15.Be4 Nf6
16.Bxb7 Qxb7 17.Bg5 h6 18.dxc5 Bxc5 19.Qe5+ Kc8 20.Bxf6 gxf6 21.Qe2 Qc7 22.a3 Kb8
23.b4 Be7 24.Kb2 Rhg8 25.g3 f5 26.Kb3 Bf6 27.Rxd8+ Rxd8 28.Rd1 Kb7 29.Rd3 Rxd3+
30.Qxd3 Qc6 31.Ne1 Kc7 32.f3 Qd6 33.g4 Qg3 34.Qe3 Qxh3 35.Qf4+ Kb7 36.Qd6 fxg4
37.Qd7+ Kb8 38.Qe8+ Kc7 39.Qxf7+ Kb8 40.Qxf6 g3 41.Qd8+ Kb7 42.Qd7+ Kb8 43.c5 bxc5
44.bxc5 Qf5 45.Qd6+ Kc8 46.Qxg3 Qd5+ 47.Kb2 Qd4+ 48.Kc1 Qe3+ 49.Kd1 Qd4+
50.Ke2 Qb2+ 51.Ke3 Qc1+ 52.Kd4 Qb2+ 53.Ke4 Qe2+ 54.Kf4 Qc4+ 55.Ke5 Qxc5+
56.Kxe6 Qxa3 57.Qg8+ Kb7 58.Qh7+ Kb8 59.Qb1+ Kc7 60.Qc2+ Kb6 61.Nd3 a5 62.f4 Qf8
63.Qc5+ Qxc5 64.Nxc5 h5 65.f5 h4 66.f6 h3 67.Nd3 h2 68.Nf2 Kb5 69.f7 Ka4
70.f8=Q Kb3 71.Qf3+  1-0

[Event "Budapest FS09 IM-A"]
[Site "Budapest"]
[Date "1994.??.??"]
[Round "3"]
[White "Shabtai, Ran"]
[Black "Dudas, Janos"]
[Result "1-0"]
[WhiteElo "2260"]
[BlackElo "2325"]

1.d4 Nf6 2.c4 e6 3.Nf3 d5 4.Nc3 c6 5.e3 Nbd7 6.Bd3 Be7 7.O-O O-O 8.Qe2 b6
9.e4 dxe4 10.Nxe4 Bb7 11.Rd1 Qc7 12.Bg5 Rfe8 13.Rac1 c5 14.Re1 cxd4 15.Nxd4 Nxe4
16.Bxe7 Ndc5 17.Bxe4 Nxe4 18.Ba3 Red8 19.Red1 Qf4 20.b3 e5 21.Nf3 Rxd1+ 22.Qxd1 Ng5
23.Ne1 Ne4 24.Rc2 Qf6 25.Qe2 Rd8 26.Bb2 Qg6 27.Bxe5 Re8 28.Bd4 Nd6 29.Be3 f5
30.f4 Qe6 31.Rc3 Ne4 32.Rd3 Nc5 33.Rc3 Qe4 34.Qf2 g5 35.Qg3 h6 36.Bf2 Qb1
37.Re3 Ne4 38.Rxe4 Qxe4 39.fxg5 f4 40.Qg4 Bc8 41.Qh5 Re6 42.gxh6 Rg6 43.h7+ Kh8
44.Kf1 Bg4 45.Bd4+ Qxd4 46.Qxg6 Qg7 47.Qxg7+ Kxg7  1-0

[Event "Budapest Spring op"]
[Site "Budapest"]
[Date "1994.??.??"]
[Round "3"]
[White "Izsak, Gyula"]
[Black "Volodin, Viktor"]
[Result "1-0"]
[WhiteElo "2365"]
[BlackElo "2370"]

1.c4 e6 2.Nf3 d5 3.e3 Nf6 4.d4 c6 5.Nc3 Nbd7 6.Bd3 Bd6 7.O-O O-O 8.e4 dxe4
9.Nxe4 Nxe4 10.Bxe4 h6 11.b3 e5 12.Bc2 Re8 13.Re1 exd4 14.Rxe8+ Qxe8 15.Qxd4 Bc5
16.Qc3 Qe2 17.Be3 Bb4 18.Qb2 Kf8 19.a3 Ba5 20.b4 Bb6 21.c5 Bd8 22.Qb3 Qa6
23.Bd3 b5 24.cxb6 Qb7 25.bxa7 Bb6 26.Bc4 Qxa7 27.Bxf7 Bxe3 28.fxe3 Nc5 29.bxc5 Qxf7
30.Qxf7+ Kxf7 31.Ne5+ Ke6 32.Nxc6 Kd5 33.Ne7+  1-0

[Event "Budapest FS09 IM-A"]
[Site "Budapest"]
[Date "1994.??.??"]
[Round "4"]
[White "Eperjesi, Laszlo"]
[Black "Shabtai, Ran"]
[Result "0-1"]
[WhiteElo "2370"]
[BlackElo "2260"]

1.d4 d5 2.c4 e6 3.Nc3 c6 4.e3 Nf6 5.Nf3 Nbd7 6.Qc2 Bd6 7.Be2 O-O 8.O-O Qe7
9.h3 Re8 10.Rd1 dxc4 11.Bxc4 b5 12.Be2 a6 13.Ng5 Bb7 14.Bf3 Rac8 15.a4 Bb8
16.axb5 axb5 17.Nge4 e5 18.Qb3 b4 19.Nxf6+ Nxf6 20.dxe5 Bxe5 21.Ne2 c5 22.Ra7 Bd5
23.Qa4 Bb3 24.Rxe7 Bxa4 25.Rxe8+ Rxe8 26.Rd2 Kf8 27.Kf1 Bc7 28.Nf4 Bxf4 29.exf4 Bb5+
30.Be2 Rxe2 31.Rxe2 Nd5 32.Be3 Bxe2+ 33.Kxe2 c4 34.f5 Ke7 35.Bc5+ Kf6 36.Bd4+ Kxf5
37.Bxg7 Nf4+ 38.Kf3 f6 39.Bf8 b3 40.Ba3 Ke5 41.g3 Nd5 42.Ke2 c3 43.bxc3 Nxc3+
44.Kd3 Nd1 45.f4+ Kf5 46.Be7 Nf2+ 47.Kc3 Ne4+ 48.Kxb3 Nxg3 49.Kc2 Nh5 50.Kd2 Nxf4  0-1

[Event "Budapest FS06 GM"]
[Site "Budapest"]
[Date "1994.??.??"]
[Round "4"]
[White "Soffer, Ram"]
[Black "Wells, Peter K"]
[Result "0-1"]
[WhiteElo "2520"]
[BlackElo "2490"]

1.c4 c6 2.d4 d5 3.Nf3 Nf6 4.Nc3 e6 5.e3 Nbd7 6.Qc2 Bd6 7.g4 Nxg4 8.Rg1 f5
9.h3 Ngf6 10.Rxg7 Ne4 11.Bd2 Qf6 12.Rg2 Nf8 13.O-O-O Ng6 14.Be2 Bd7 15.Rdg1 O-O-O
16.Be1 Kb8 17.Kb1 Ka8 18.Ka1 Qe7 19.c5 Bc7 20.h4 e5 21.h5 exd4 22.Nxd4 Ne5
23.Na4 Ng4 24.Nxf5 Bxf5 25.Bxg4 Bxg4 26.Rxg4 Rhf8 27.f4 Nf6 28.Rg7 Qxe3 29.Bf2 Qe4
30.Qxe4 Nxe4 31.Rxc7 Nxf2 32.Rxh7 Rxf4 33.Rd7 Re8 34.b3 Rh4 35.Re7 Rb8 36.Rf1 Nd3
37.Rh7 b5 38.cxb6 axb6 39.Kb1 Rb7 40.Rh8+ Ka7 41.Rff8 Re7 42.Ra8+ Kb7 43.Rab8+ Kc7
44.Rbc8+ Kd6 45.Rhd8+ Ke5 46.Re8 Rxe8 47.Rxe8+ Kd4 48.Nxb6 Rxh5 49.Rg8 Rh1+
50.Kc2 Rh2+ 51.Kb1 Rh1+ 52.Kc2 Rh2+ 53.Kb1 Rb2+ 54.Ka1 Re2 55.Kb1 Re1+ 56.Kc2 Re2+
57.Kb1 Rb2+ 58.Ka1 Rf2 59.Kb1 Rf1+ 60.Kc2 Rf2+ 61.Kb1 Kc3 62.Na4+ Kd2 63.Rg1 d4
64.Nb6 c5 65.Nc4+ Kc3 66.Rh1 Re2 67.Nb6 Kb4 68.Rd1 Ne5 69.Rc1 d3 70.Nd5+ Ka3
71.Nc3 Rb2+ 72.Ka1 Rc2 73.Nb1+ Kb4 74.Rd1 Re2 75.Rc1 c4 76.bxc4 Nxc4 77.a3+ Nxa3  0-1

[Event "Budapest FS06 IM-A"]
[Site "Budapest"]
[Date "1994.??.??"]
[Round "4"]
[White "Lehmann, Heinz Dr"]
[Black "Pikler, Tamas"]
[Result "1/2-1/2"]
[WhiteElo "2280"]
[BlackElo "2210"]

1.d4 d5 2.c4 c6 3.Nc3 Nf6 4.e3 e6 5.Nf3 Nbd7 6.Qc2 Bd6 7.Be2 O-O 8.O-O dxc4
9.Bxc4 b5 10.Bd3 Bb7 11.a4 b4 12.Ne4 Nxe4 13.Bxe4 h6 14.a5 a6 15.Nd2 Qc7
16.g3 c5 17.Bxb7 Qxb7 18.Ne4 Be7 19.Nxc5 Nxc5 20.dxc5 Rac8 21.Bd2 Rxc5 22.Qb3 Rd5
23.Bc3 Qb5 24.Bd4 Rh5 25.Rfc1 Qf5 26.Qc2 Qh3 27.f4 Rd8 28.Qg2 Qxg2+ 29.Kxg2 Bf6
30.g4 Rhd5 31.Bxf6 gxf6 32.Rc6 Rd2+ 33.Kf3 Rxb2 34.Rxa6 Rd3 35.Ra8+ Kg7 36.a6 Rbb3
37.Re1 Ra3 38.Rb8 b3 39.Rb6 Rd2 40.Re2 Rxe2 41.Kxe2 b2  1/2-1/2

[Event "Budapest FS12 IM"]
[Site "Budapest"]
[Date "1994.??.??"]
[Round "5"]
[White "Slavina, Irina"]
[Black "Ciric, Dragoljub M"]
[Result "1/2-1/2"]
[WhiteElo "2120"]
[BlackElo "2365"]

1.d4 c6 2.c4 Nf6 3.Nc3 d5 4.Nf3 e6 5.e3 Nbd7 6.Be2 Bd6 7.O-O Ne4 8.Qc2 f5
9.b3 O-O 10.Bb2 Qe7 11.a3 a6 12.c5 Bc7 13.b4 e5 14.dxe5 Nxe5 15.Nxe5 Bxe5
16.Rad1 Bd7 17.Bf3 Be8 18.g3 h5 19.Ne2 h4 20.Bxe5 Qxe5 21.Bg2 hxg3 22.hxg3 Bh5
23.f4 Qe7 24.Bxe4 fxe4 25.Rd2 Rf6 26.Nd4 Rg6 27.Rg2 Bg4 28.Rh2 Rf8  1/2-1/2

[Event "Budapest FS04 IM-A"]
[Site "Budapest"]
[Date "1994.??.??"]
[Round "5"]
[White "Bukal, Vladimir Sr"]
[Black "Pikler, Tamas"]
[Result "1-0"]
[WhiteElo "2405"]
[BlackElo "2210"]

1.c4 c6 2.d4 d5 3.e3 Nf6 4.Nc3 e6 5.Nf3 Nbd7 6.Qc2 Bd6 7.Be2 O-O 8.O-O dxc4
9.Bxc4 e5 10.h3 Qe7 11.a3 a5 12.Ba2 Bb8 13.Bd2 exd4 14.exd4 Qd6 15.Rad1 Nb6
16.Bb1 g6 17.Bh6 Re8 18.Rfe1 Be6 19.Qc1 Nbd5 20.Ne4 Nxe4 21.Rxe4 Bc7 22.Rde1 Re7
23.Ba2 Rae8 24.Bg5 f6 25.Bh4 Kg7 26.Bg3 Qd7 27.Rxe6 Rxe6 28.Rxe6 Rxe6 29.Bxd5 Qxd5
30.Bxc7 Re7 31.Bf4 Re2 32.Bh6+ Kf7 33.Qf4 Rxb2 34.Qc7+ Ke8 35.Qxh7 Qf7 36.Qh8+ Kd7
37.Bg5 Ke6 38.Qd8 Qe7 39.Qg8+ Qf7 40.Qb8 Rb5  1-0

[Event "Budapest FS02 GM"]
[Site "Budapest"]
[Date "1994.??.??"]
[Round "5"]
[White "Dao Thien Hai"]
[Black "Lukacs, Peter"]
[Result "1/2-1/2"]
[WhiteElo "2495"]
[BlackElo "2485"]

1.d4 d5 2.c4 c6 3.Nf3 Nf6 4.Nc3 e6 5.e3 Nbd7 6.Qc2 Bd6 7.a3 O-O 8.b4 Qe7
9.Bb2 dxc4 10.Bxc4 e5 11.Be2 Re8 12.O-O e4 13.Nd2 Nb6 14.Rfe1 Bf5 15.Nf1 h5
16.b5 cxb5 17.Nxb5 Rac8 18.Qd2 Nc4 19.Bxc4 Rxc4 20.Rec1 Rxc1 21.Rxc1 Bd7  1/2-1/2

[Event "Budapest Spring op"]
[Site "Budapest"]
[Date "1994.??.??"]
[Round "5"]
[White "Gladischev, Oleg"]
[Black "Feher, Gyula"]
[Result "1-0"]
[WhiteElo "2240"]
[BlackElo "2400"]

1.d4 d5 2.c4 c6 3.Nf3 Nf6 4.Nc3 e6 5.e3 Nbd7 6.Qc2 Bd6 7.Be2 O-O 8.O-O Re8
9.Rd1 Qe7 10.a3 b6 11.e4 dxe4 12.Nxe4 Nxe4 13.Qxe4 Bb7 14.Bg5 Nf6 15.Qh4 Rad8
16.Bd3 c5 17.Bxh7+  1-0

[Event "Budapest FS02 IM-A"]
[Site "Budapest"]
[Date "1994.??.??"]
[Round "6"]
[White "Kargoll, Boris"]
[Black "Huber, Armin"]
[Result "1/2-1/2"]
[WhiteElo "2315"]
[BlackElo "2305"]

1.d4 d5 2.Nf3 Nf6 3.c4 e6 4.Nc3 c6 5.e3 Nbd7 6.Bd3 Bd6 7.e4 dxe4 8.Nxe4 Nxe4
9.Bxe4 e5 10.O-O exd4 11.Qxd4 Qf6 12.Qe3 O-O 13.Bd2 Ne5 14.Bc3 Nxf3+ 15.Qxf3  1/2-1/2

[Event "Budapest FS06 IM-A"]
[Site "Budapest"]
[Date "1994.??.??"]
[Round "6"]
[White "Lehmann, Heinz Dr"]
[Black "Payen, Arnaud"]
[Result "1-0"]
[WhiteElo "2280"]
[BlackElo "2300"]

1.d4 d5 2.c4 c6 3.Nc3 e6 4.e3 Nf6 5.Nf3 Nbd7 6.Be2 Bd6 7.O-O Ne4 8.Nxe4 dxe4
9.Nd2 f5 10.c5 Bc7 11.f4 O-O 12.Nc4 Nf6 13.Bd2 Nd5 14.Kh1 g5 15.g3 Rf7 16.b4 Rg7
17.Qb3 h5 18.Ne5 h4 19.gxh4 gxf4 20.exf4 Qxh4 21.Rg1 Bxe5 22.dxe5 Nxf4 23.Rxg7+ Kxg7
24.Bxf4 Qxf4 25.Rg1+ Kh7 26.Qd1  1-0

[Event "Budapest FS04 IM-B"]
[Site "Budapest"]
[Date "1994.??.??"]
[Round "7"]
[White "Hoang Than Trang"]
[Black "Trabert, Bettina"]
[Result "1/2-1/2"]
[WhiteElo "2260"]
[BlackElo "2245"]

1.d4 d5 2.c4 c6 3.Nf3 e6 4.e3 Nf6 5.Nc3 Nbd7 6.Qc2 Bd6 7.b3 O-O 8.Be2 dxc4
9.bxc4 e5 10.O-O Re8 11.Rd1 e4 12.Ng5 Nf8 13.Ngxe4 Nxe4 14.Nxe4 Bf5 15.Bd3 Bxe4
16.Bxe4 Bxh2+ 17.Kxh2 Qh4+ 18.Kg1 Rxe4 19.g3 Qg4 20.Kg2 Ng6 21.Rh1 Re7 22.Ba3 Rd7
23.Rad1 Rad8 24.Bb2 h6 25.Rde1 Ne5 26.Rh4 Qf3+ 27.Kg1 Ng6  1/2-1/2

[Event "Papp Bela mem"]
[Site "Budapest"]
[Date "1994.??.??"]
[Round "7"]
[White "Zajogin, Alexander"]
[Black "Izsak, Gyula"]
[Result "0-1"]
[WhiteElo "2380"]
[BlackElo "2365"]

1.d4 d5 2.c4 c6 3.Nc3 Nf6 4.e3 e6 5.Nf3 Be7 6.Bd3 O-O 7.O-O b6 8.e4 dxe4
9.Nxe4 Nbd7 10.Ne5 Bb7 11.Qf3 Nxe5 12.dxe5 Nxe4 13.Qxe4 g6 14.Re1 Qd7 15.Bh6 c5
16.Qe2 Rfd8 17.Rad1 Qc7 18.Bc2 a6 19.f3 Bc6 20.Rxd8+ Rxd8 21.Rd1 b5 22.Rxd8+ Qxd8
23.Qd3 Qb6 24.Be3 bxc4 25.Qxc4 Qxb2 26.Qxa6 Bb5 27.Qa8+ Kg7 28.Qe4 Qxa2 29.h4 h5
30.Kh2 Qb2 31.Kg3 Qb4 32.Kf2 Bxh4+ 33.g3 Be7 34.Qb7 c4 35.Kg2 c3 36.Kh3  0-1

[Event "Budapest FS02 GM"]
[Site "Budapest"]
[Date "1994.??.??"]
[Round "7"]
[White "Lingnau, Carsten"]
[Black "Wells, Peter K"]
[Result "1/2-1/2"]
[WhiteElo "2395"]
[BlackElo "2490"]

1.d4 Nf6 2.c4 e6 3.Nf3 d5 4.Nc3 c6 5.e3 Nbd7 6.Qc2 Bd6 7.Be2 O-O 8.O-O dxc4
9.Bxc4 Qe7 10.a3 e5 11.h3 Bb8 12.Ba2 h6 13.Nh4 Rd8 14.Nf5 Qe8 15.Ne4 Nxe4
16.Qxe4 Nf8 17.Bd2 Qd7 18.g4 Qc7 19.f4 Bxf5 20.gxf5 exd4 21.f6 Nh7 22.fxg7 Kxg7
23.Rf2 Qd7 24.Rg2+ Kh8 25.Qxd4+ Qxd4 26.exd4 Nf6 27.Re1 Bc7 28.Re7 Bb6 29.Rxf7 Bxd4+
30.Kh2 Rd7 31.Rxd7 Nxd7 32.f5 Bg7 33.Re2 Rd8 34.b4 b5 35.Bf4 c5 36.Rd2 c4
37.Bb1 Bf6 38.Bc7 Rc8 39.Rxd7 Rxc7 40.Rxc7 Be5+ 41.Kg2 Bxc7 42.Be4 Bf4 43.Kf3 Bc1
44.Ke2 Bxa3 45.Bc6 Bxb4 46.Bxb5 c3 47.Kd3 Kg7 48.Kc2 Kf6 49.Bd7 Kg5 50.Kd3 Kf6
51.Kc2 Ke5 52.Kd3 a5 53.Kc2 Kd4 54.f6 Bf8 55.f7 Kc4 56.Be8 Kb4 57.Bd7 Bg7
58.Be8 a4 59.Bxa4  1/2-1/2

[Event "Budapest Spring op"]
[Site "Budapest"]
[Date "1994.??.??"]
[Round "8"]
[White "Berebora, Ferenc"]
[Black "Soffer, Ram"]
[Result "1/2-1/2"]
[WhiteElo "2390"]
[BlackElo "2520"]

1.d4 Nf6 2.c4 e6 3.Nf3 d5 4.Nc3 c6 5.e3 Nbd7 6.Bd3 dxc4 7.Bxc4 b5 8.Be2 a6
9.O-O c5 10.b3 Bb7 11.Bb2 Qb8 12.a4 b4 13.Nb1 Bd6 14.Nbd2 cxd4 15.Nc4 e5
16.exd4 e4 17.Nfe5 O-O 18.f3 Bd5 19.fxe4 Nxe4 20.Bf3 Nxe5 21.Nxe5 Qb7 22.Qd3 Rad8
23.Nc4 f5 24.Ne3 Bb8 25.Nxd5 Qxd5 26.g3 a5 27.Bxe4 fxe4 28.Qc4 Ba7 29.Rxf8+ Kxf8
30.Rf1+ Kg8 31.Qxd5+ Rxd5 32.Rd1 Rf5 33.Rf1 Rd5 34.Rd1 Rf5 35.Rf1 Rd5 36.Rd1 Rf5
37.Rf1 Rd5 38.Rd1 Rf5  1/2-1/2

[Event "Budapest FS04 GM"]
[Site "Budapest"]
[Date "1994.??.??"]
[Round "8"]
[White "Lukacs, Peter"]
[Black "Farago, Sandor"]
[Result "1/2-1/2"]
[WhiteElo "2485"]
[BlackElo "2390"]

1.d4 d5 2.c4 c6 3.Nc3 Nf6 4.e3 e6 5.Nf3 a6 6.Qc2 Nbd7 7.b3 b5 8.Bd3 Bb4 9.O-O Bb7
10.Bd2 bxc4 11.bxc4 dxc4 12.Bxc4 c5 13.a3 Ba5 14.Ne2 Bxf3  1/2-1/2

[Event "Budapest FS06 IM-A"]
[Site "Budapest"]
[Date "1994.??.??"]
[Round "8"]
[White "Stupar, Slavoljub"]
[Black "Pikler, Tamas"]
[Result "1/2-1/2"]
[WhiteElo "2185"]
[BlackElo "2210"]

1.d4 d5 2.c4 c6 3.Nc3 Nf6 4.Nf3 e6 5.e3 Nbd7 6.Bd3 dxc4 7.Bxc4 b5 8.Bd3 a6
9.O-O c5 10.e4 cxd4 11.Nxd4 Bc5 12.Be3 Bb7 13.a3 O-O 14.Bc2 Rc8 15.Qe2 Qc7
16.Rac1 Qb8 17.Bb1 Qa8 18.f3 Rfd8 19.Rfd1 Ne5 20.Ba2 Qa7 21.Nc2 h6 22.Kh1 Bxe3
23.Nxe3 Nh5 24.g3 Nf6 25.Bb1 Qa8 26.Kg1 Nc6 27.Rxd8+ Rxd8 28.Rd1 Rxd1+ 29.Qxd1 Qa7
30.Qd2 Nd4 31.Kg2 Qb6 32.Ne2 Nxe2 33.Qxe2 Qd4 34.Nd1 Nd7 35.Qd3 Qxd3 36.Bxd3 Ne5
37.Be2 Kf8 38.Kf2 Ke7 39.Ke3 Kd6 40.f4 Nc6 41.e5+ Kc7 42.Bf3 Na5 43.Bxb7 Kxb7
44.Kd4 Kc6  1/2-1/2

[Event "Budapest FS02 GM"]
[Site "Budapest"]
[Date "1994.??.??"]
[Round "9"]
[White "Lingnau, Carsten"]
[Black "Gabriel, Christian"]
[Result "0-1"]
[WhiteElo "2395"]
[BlackElo "2530"]

1.d4 Nf6 2.c4 e6 3.Nf3 d5 4.Nc3 c6 5.e3 Nbd7 6.Qc2 Bd6 7.Be2 O-O 8.O-O e5
9.cxd5 cxd5 10.dxe5 Nxe5 11.Rd1 Nxf3+ 12.Bxf3 Qc7 13.h3 Bh2+ 14.Kh1 Be5 15.Bd2 Be6
16.Be1 Rad8 17.Rac1 Qe7 18.Ne2 Rc8 19.Qa4 b5 20.Qxb5 Rb8 21.Qa5 Rxb2 22.Nd4 Bd6
23.Kg1 Rb7 24.Rb1 Rxb1 25.Rxb1 Bc7 26.Qa6 Bc8 27.Qf1 Qe5 28.g3 Bb6 29.Nb3 Qf5
30.Bb4 Qxf3 31.Bxf8 Kxf8 32.Rc1 Bd7 33.Nc5 Be8 34.Qd3 h5  0-1

[Event "Budapest Statistika"]
[Site "Budapest"]
[Date "1994.??.??"]
[Round "9"]
[White "Somogyi, Istvan"]
[Black "Izsak, Gyula"]
[Result "1/2-1/2"]
[WhiteElo "2305"]
[BlackElo "2365"]

1.d4 d5 2.c4 c6 3.Nf3 Nf6 4.Nc3 e6 5.e3 Be7 6.Bd3 Nbd7 7.O-O O-O 8.b3 b6
9.Bb2 Bb7 10.e4 dxe4 11.Nxe4 c5 12.Qe2 cxd4  1/2-1/2

[Event "Budapest FS03 GM"]
[Site "Budapest"]
[Date "1994.??.??"]
[Round "10"]
[White "Silman, Jeremy D"]
[Black "Lukacs, Peter"]
[Result "1/2-1/2"]
[WhiteElo "2405"]
[BlackElo "2485"]

1.d4 Nf6 2.c4 e6 3.Nf3 d5 4.Nc3 c6 5.e3 Nbd7 6.Qc2 Bd6 7.Be2 O-O 8.O-O Qe7
9.Rd1 dxc4 10.Bxc4 e5 11.h3 e4 12.Ng5 Nb6 13.Bb3 Bf5 14.f3 Rae8 15.Ngxe4 Nxe4
16.fxe4 Bxe4 17.Nxe4 Qxe4 18.Qxe4 Rxe4 19.Bc2  1/2-1/2

[Event "Budapest FS10 IM-A"]
[Site "Budapest"]
[Date "1994.??.??"]
[Round "10"]
[White "Eperjesi, Laszlo"]
[Black "Allen, Andrew"]
[Result "1-0"]
[WhiteElo "2370"]
[BlackElo "2275"]

1.d4 Nf6 2.c4 e6 3.Nf3 d5 4.Nc3 c6 5.e3 Nbd7 6.Qc2 Bd6 7.Be2 O-O 8.O-O Re8
9.Rd1 Qe7 10.h3 dxc4 11.Bxc4 h6 12.a3 e5 13.Nh4 Nb6 14.Ng6 Qc7 15.Nxe5 Bxe5
16.dxe5 Qxe5 17.Bd3 Nbd5 18.Bd2 Be6 19.Ne2 Bd7 20.Ng3 Rad8 21.Re1 Bc8 22.Rad1 Qc7
23.b4 Qe7 24.e4 Nc7 25.Be3 a6 26.f4 Ne6 27.Qf2 a5 28.Nf5 Qf8 29.Bb6 axb4
30.Bxd8 Rxd8 31.axb4 Qxb4 32.Kh2 Kf8 33.Ng3 Nd4 34.e5 Nd5 35.f5 Nc3 36.Ra1 Nb3
37.Ra8 Qc5 38.Qf4 Qd4 39.Be4 Nd5 40.Qh4 Ke8 41.e6 Nc7 42.e7  1-0

[Event "Budapest FS02 GM"]
[Site "Budapest"]
[Date "1994.??.??"]
[Round "11"]
[White "Silman, Jeremy D"]
[Black "Gabriel, Christian"]
[Result "1/2-1/2"]
[WhiteElo "2405"]
[BlackElo "2530"]

1.d4 Nf6 2.c4 e6 3.Nf3 d5 4.Nc3 c6 5.e3 Nbd7 6.Qc2 Bd6 7.Be2 O-O 8.O-O e5
9.cxd5 cxd5 10.dxe5 Nxe5 11.Rd1 Be6 12.Bd2 Rc8 13.Be1 Qc7 14.Nd4 a6 15.g3 Nc6
16.Nxc6 Qxc6 17.Bf3 Be5 18.Qd3 Rfd8 19.Rac1 Qe8 20.b3 d4 21.Ne2 Rxc1 22.Rxc1 dxe3
23.Qxe3 Bd5 24.Ba5 Rb8 25.Bxd5 Nxd5 26.Qd3 Ne7 27.Bc7 Bxc7 28.Rxc7 Nc6 29.Qd7 Qxd7
30.Rxd7 Kf8 31.Nf4 Ke8 32.Rc7 Nd4 33.Nd5 Ne6 34.Re7+ Kf8 35.Rd7 Rd8 36.Rxd8+  1/2-1/2

[Event "Budapest FS07 IM"]
[Site "Budapest"]
[Date "1994.??.??"]
[Round "12"]
[White "Orso, Miklos"]
[Black "Zigura, Oleg"]
[Result "1/2-1/2"]
[WhiteElo "2345"]
[BlackElo "2315"]

1.d4 d5 2.Nf3 Nf6 3.c4 c6 4.e3 e6 5.Nc3 Be7 6.Bd3 O-O 7.O-O Nbd7 8.e4 dxe4
9.Nxe4 Nxe4 10.Bxe4 Nf6 11.Bc2 h6 12.Bf4  1/2-1/2

[Event "Budapest FS04 IM-A"]
[Site "Budapest"]
[Date "1994.??.??"]
[Round "12"]
[White "Kabatianski, Alexandr"]
[Black "Bukal, Vladimir Sr"]
[Result "1/2-1/2"]
[WhiteElo "2365"]
[BlackElo "2405"]

1.Nf3 d5 2.c4 c6 3.e3 Nf6 4.Nc3 e6 5.d4 Nbd7 6.Qc2 Bd6 7.Be2 O-O 8.O-O dxc4
9.Bxc4 e5 10.h3 Qe7 11.a3 h6 12.Ba2 Re8 13.dxe5 Nxe5 14.Nd4  1/2-1/2

[Event "Budapest FS02 GM"]
[Site "Budapest"]
[Date "1994.??.??"]
[Round "12"]
[White "Grivas, Efstratios"]
[Black "Wells, Peter K"]
[Result "1/2-1/2"]
[WhiteElo "2505"]
[BlackElo "2490"]

1.d4 d5 2.c4 e6 3.Nf3 Nf6 4.Nc3 c6 5.e3 Nbd7 6.Qc2 Bd6 7.Be2 O-O 8.O-O dxc4
9.Bxc4 b5 10.Bd3 Bb7 11.a3 a6 12.b4  1/2-1/2

[Event "Budapest FS05 IM"]
[Site "Budapest"]
[Date "1994.??.??"]
[Round "13"]
[White "Hoang Than Trang"]
[Black "Pikler, Tamas"]
[Result "1/2-1/2"]
[WhiteElo "2260"]
[BlackElo "2210"]

1.d4 d5 2.c4 c6 3.Nf3 Nf6 4.Nc3 e6 5.e3 Nbd7 6.Qc2 Bd6 7.b3 O-O 8.Be2 dxc4
9.bxc4 Re8 10.O-O e5 11.Rd1 Qe7 12.Rb1 e4 13.Nd2 Nf8 14.a4 h5 15.Nf1 g6 16.d5 h4
17.a5 Qe5 18.dxc6 bxc6 19.Bb2 Qe7 20.Na2 Bf5 21.c5 Be5 22.Nb4 Bd7 23.Bxe5 Qxe5
24.Rd6 Qg5 25.Nxc6 Rac8 26.Nd4 Rxc5 27.Qd2 Bh3 28.g3 hxg3 29.hxg3 Ng4 30.Rb5 Rxb5
31.Nxb5 Re5 32.Rd8 Bxf1 33.Kxf1 Nh2+ 34.Kg1 Rxb5 35.Kxh2 Rb1 36.Kg2 Qh6 37.Bd1 Kh7
38.Qd5 Ne6 39.Rd7 Ng5 40.Rxf7+ Nxf7 41.Qxf7+ Qg7 42.Qd5 Qb7 43.Qd8 Rb2 44.Qf6 Rd2
45.Bg4 Qb2 46.Qe7+ Kh6 47.Qh4+ Kg7 48.Qe7+ Kh6  1/2-1/2

[Event "ARG-World"]
[Site "Buenos Aires"]
[Date "1994.??.??"]
[Round "4"]
[White "Soppe, Guillermo"]
[Black "Sorokin, Maxim"]
[Result "1/2-1/2"]
[WhiteElo "2430"]
[BlackElo "2520"]

1.d4 d5 2.c4 c6 3.Nc3 e6 4.e3 Nf6 5.Nf3 Nbd7 6.Qc2 Bd6 7.b3 O-O 8.Bb2 b6
9.Bd3 Bb7 10.O-O Qe7 11.Rfe1 Rad8 12.e4 dxe4 13.Nxe4 Nxe4 14.Rxe4 Ba3 15.Bc3 h6
16.Qd2 c5 17.d5 Bb4 18.d6 Qxd6 19.Qxh6 Bxc3 20.Qh8+  1/2-1/2

[Event "ARG-ch"]
[Site "Buenos Aires"]
[Date "1994.??.??"]
[Round "4"]
[White "Servat, Roberto"]
[Black "Valerga, Diego"]
[Result "1/2-1/2"]
[WhiteElo "2445"]
[BlackElo "2375"]

1.d4 d5 2.c4 c6 3.Nc3 Nf6 4.e3 e6 5.Nf3 Nbd7 6.Qc2 Bd6 7.b3 O-O 8.Be2 Qe7
9.O-O dxc4 10.bxc4 e5 11.Rd1 Re8 12.Rb1 Nf8 13.dxe5 Bxe5 14.Nxe5 Qxe5 15.Ba3 Bf5
16.Bd3 Ng4 17.g3 Bxd3 18.Qxd3 Qh5 19.h4 Ng6 20.Bd6 Rad8 21.Qe2 b6 22.Rd4 Qf5
23.Qxg4 Qxg4 24.Rxg4 Rxd6 25.Rd4 Rde6  1/2-1/2

[Event "Buenos Aires PRENAJ"]
[Site "Buenos Aires"]
[Date "1994.??.??"]
[Round "8"]
[White "Soppe, Guillermo"]
[Black "De Dovitiis, Alejo"]
[Result "1-0"]
[WhiteElo "2430"]
[BlackElo "2350"]

1.d4 Nf6 2.c4 e6 3.Nf3 d5 4.Nc3 c6 5.e3 Nbd7 6.Qc2 Bd6 7.b3 O-O 8.Bb2 a6
9.Bd3 e5 10.cxd5 cxd5 11.dxe5 Nxe5 12.Nxe5 Bxe5 13.Ne2 Qa5+ 14.Bc3 Bxc3+
15.Qxc3 Qxc3+ 16.Nxc3 Bg4 17.f3 Bd7 18.Kd2 h5 19.Rac1 Rfc8 20.g3 Kf8 21.h3 g6
22.g4 Bc6 23.Ne2 Ke7 24.Nd4 Kd6 25.g5 Ng8 26.f4 Bd7 27.Rcf1 Ne7 28.f5 Bxf5
29.Bxf5 Nxf5 30.Nxf5+ gxf5 31.Rxf5 Rc7 32.Rhf1 Rac8 33.Kd3 Rc3+ 34.Kd4 Rc2
35.Rxd5+ Ke7 36.Re5+ Kf8 37.g6 Rd2+ 38.Ke4 Rc7 39.Rxh5 Rxa2 40.gxf7 Rxf7
41.Rxf7+ Kxf7 42.Rh7+ Ke8 43.Rxb7 Rh2 44.Ra7 Rb2 45.Rb7 a5 46.Rb5 Rh2 47.Rxa5 Rxh3
48.Rd5 Rh4+ 49.Kd3 Rb4 50.Kc3 Re4 51.Rd3 Ke7 52.b4 Ke6 53.b5 Ke7 54.Kb2 Ke8
55.Rb3 Kd7 56.Kc2 Kc7 57.b6+ Kb7 58.Kd3 Rh4  1-0